[Event "XI Open Elite"]
[Site "Bergamo ITA"]
[Date "2012.07.13"]
[Round "1"]
[White "Angelini, Marco"]
[Black "Di Chiara, Mauro"]
[WhiteElo "2192"]
[BlackElo "1953"]
[Result "1-0"]
[PlyCount "73"]
[EventDate "2012.07.13"]

1. c4 g6 2. g3 Bg7 3. Bg2 d6 4. Nc3 Nc6 5. e3 f5 6. Nge2 Nf6 7. d3 O-O 8. O-O
e5 9. Rb1 a5 10. a3 Be6 11. Nd5 Bxd5 12. cxd5 Ne7 13. a4 Kh8 14. Qb3 Qd7 15.
Bd2 c6 16. dxc6 bxc6 17. Rfc1 Rfb8 18. Qa3 Nfd5 19. Rc4 Nb6 20. Rc2 Nbd5 21.
Rc4 Nb6 22. Rc2 Nbd5 23. Rbc1 Nb4 24. Bxb4 axb4 25. Qb3 d5 26. Rc5 Qa7 27. a5
Qa6 28. Ra1 Rb5 29. Qc2 Rxc5 30. Qxc5 Qxd3 31. Bf1 Qd2 32. Qxe7 Qxb2 33. Ra4 b3
34. Qb7 Rd8 35. a6 d4 36. exd4 exd4 37. a7 1-0

[Event "XI Open Elite"]
[Site "Bergamo ITA"]
[Date "2012.07.13"]
[Round "1"]
[White "Aranovitch, Emiliano"]
[Black "Sala, Giovanni"]
[WhiteElo "2329"]
[BlackElo "1996"]
[Result "1-0"]
[PlyCount "57"]
[EventDate "2012.07.13"]

1. e4 c5 2. Nf3 d6 3. Bb5+ Bd7 4. Bxd7+ Qxd7 5. O-O Nf6 6. e5 dxe5 7. Nxe5 Qc7
8. d4 e6 9. Bf4 Qb6 10. dxc5 Bxc5 11. Nc3 O-O 12. Na4 Qb4 13. c4 b5 14. Nxc5
Qxc5 15. Qf3 Nbd7 16. Nxd7 Nxd7 17. Rad1 Ne5 18. Qg3 f6 19. Bxe5 Qxe5 20. Qxe5
fxe5 21. cxb5 Rab8 22. a4 Rf4 23. b3 Rb4 24. Rd7 Ra8 25. Rfd1 Rxb3 26. Rd8+
Rxd8 27. Rxd8+ Kf7 28. g3 a6 29. bxa6 1-0

[Event "XI Open Elite"]
[Site "Bergamo ITA"]
[Date "2012.07.13"]
[Round "1"]
[White "Bargeri, Ludovico"]
[Black "Kizilkaya, Mehmet"]
[WhiteElo "1954"]
[BlackElo "2195"]
[Result "0-1"]
[PlyCount "130"]
[EventDate "2012.07.13"]

1. d4 d5 2. c4 c6 3. Nf3 Nf6 4. Qc2 g6 5. Bf4 Bf5 6. Qb3 Qb6 7. e3 Bg7 8. Nc3
O-O 9. c5 Qxb3 10. axb3 Nbd7 11. h3 Ne4 12. Be2 Rfe8 13. b4 a6 14. Rg1 e5 15.
Bxe5 Nxe5 16. Nxe5 Bxe5 17. dxe5 Rxe5 18. g4 Bd7 19. Bd3 Nxc3 20. bxc3 h5 21.
Kd2 hxg4 22. hxg4 Kg7 23. Be2 Rc8 24. Rac1 Kf6 25. Rce1 g5 26. Rh1 Re4 27. Bf3
Re6 28. Rh7 Rg8 29. Reh1 Ke7 30. Rh8 Reg6 31. Be2 Kf8 32. R1h7 Rf6 33. Ke1 Be8
34. Bd3 Bd7 35. Be2 Be8 36. Rh5 Rxh8 37. Rxh8+ Ke7 38. Rg8 Rh6 39. Rxg5 Rh1+
40. Bf1 f6 41. Rg7+ Bf7 42. g5 fxg5 43. Rxg5 d4 44. cxd4 Bc4 45. Rf5 Rxf1+ 46.
Kd2 Ke6 47. Rf4 Ke7 48. e4 Be6 49. Kc2 Ra1 50. Rh4 Ra2+ 51. Kc3 Rxf2 52. Rh7+
Bf7 53. b5 axb5 54. Kb4 Rf4 55. Kc3 Ke6 56. Rh6+ Kd7 57. Rd6+ Ke7 58. Kb4 Bg8
59. e5 Bf7 60. Kc3 Rf3+ 61. Kc2 b4 62. Rh6 b3+ 63. Kb1 Rf4 64. Kb2 Rf2+ 65. Kb1
b2 0-1

[Event "XI Open Elite"]
[Site "Bergamo ITA"]
[Date "2012.07.13"]
[Round "1"]
[White "Brunello, Sabino"]
[Black "Cacciola, Alfredo"]
[WhiteElo "2586"]
[BlackElo "2087"]
[Result "1-0"]
[PlyCount "35"]
[EventDate "2012.07.13"]

1. d4 d5 2. c4 e6 3. Nf3 Nf6 4. g3 dxc4 5. Bg2 Nc6 6. Qa4 Bb4+ 7. Bd2 Nd5 8.
Bxb4 Ndxb4 9. O-O Rb8 10. Ne5 O-O 11. Nxc6 Nxc6 12. Bxc6 bxc6 13. Qxc4 Rxb2 14.
Nc3 Qd6 15. Rab1 Rb6 16. Rfd1 Ba6 17. Qa4 Rfb8 18. Qxa6 1-0

[Event "XI Open Elite"]
[Site "Bergamo ITA"]
[Date "2012.07.13"]
[Round "1"]
[White "Cattaneo, Marco"]
[Black "Daskevics, Vadims"]
[WhiteElo "2032"]
[BlackElo "2457"]
[Result "1-0"]
[PlyCount "55"]
[EventDate "2012.07.13"]

1. d4 Nf6 2. Nf3 g6 3. c4 c5 4. d5 b5 5. cxb5 a6 6. b6 Bg7 7. Nc3 O-O 8. e4 d6
9. Nd2 Nfd7 10. a4 a5 11. Bb5 Nxb6 12. O-O Bb7 13. Nc4 Nxc4 14. Bxc4 Na6 15. f4
Nb4 16. f5 Ba6 17. Nb5 Qd7 18. Ra3 Bxb5 19. axb5 Bd4+ 20. Kh1 f6 21. Rg3 g5 22.
h4 h6 23. hxg5 fxg5 24. Bxg5 hxg5 25. Rxg5+ Bg7 26. Rxg7+ Kxg7 27. Qg4+ Kf6 28.
e5+ 1-0

[Event "XI Open Elite"]
[Site "Bergamo ITA"]
[Date "2012.07.13"]
[Round "1"]
[White "Danin, Alexandre"]
[Black "Ventura, Franco"]
[WhiteElo "2525"]
[BlackElo "2084"]
[Result "1-0"]
[PlyCount "65"]
[EventDate "2012.07.13"]

1. e4 c5 2. Nf3 d6 3. d4 cxd4 4. Nxd4 Nf6 5. Nc3 g6 6. Be2 Bg7 7. O-O O-O 8.
Be3 Nc6 9. f4 Bd7 10. Nb3 a6 11. Bf3 Rb8 12. Rf2 Qc7 13. Nd5 Nxd5 14. exd5 Na5
15. Bd4 Nxb3 16. axb3 Rbc8 17. Bxg7 Kxg7 18. Qd4+ Kg8 19. Re1 Rfe8 20. Rfe2 e6
21. c3 exd5 22. Bxd5 Rxe2 23. Rxe2 Re8 24. Rd2 Be6 25. Bf3 Bxb3 26. Qxd6 Qa5
27. h3 b5 28. Kh2 Qa1 29. Qf6 Qe1 30. Rd6 h5 31. Bxh5 gxh5 32. Qg5+ Kf8 33. Rh6
1-0

[Event "XI Open Elite"]
[Site "Bergamo ITA"]
[Date "2012.07.13"]
[Round "1"]
[White "De Palma, Fabrizio"]
[Black "Neiksans, Arturs"]
[WhiteElo "2084"]
[BlackElo "2534"]
[Result "0-1"]
[PlyCount "114"]
[EventDate "2012.07.13"]

1. d4 f5 2. g3 Nf6 3. Bg2 g6 4. Nf3 Bg7 5. b4 O-O 6. O-O c6 7. c4 d6 8. Bb2 e5
9. dxe5 Ng4 10. Qb3 Nxe5 11. c5+ Kh8 12. cxd6 Be6 13. Qc2 Qxd6 14. Bxe5 Bxe5
15. Nxe5 Qxe5 16. Qc3 Nd7 17. Qxe5+ Nxe5 18. Nc3 f4 19. Rad1 Rae8 20. Be4 f3
21. exf3 Nxf3+ 22. Bxf3 Rxf3 23. Rc1 Bh3 24. Rfd1 Re5 25. Rc2 Kg7 26. Re2 Rxe2
27. Nxe2 Ra3 28. Nf4 Bg4 29. Rd2 g5 30. h3 Bf3 31. Rd3 Rxd3 32. Nxd3 Kf6 33. a3
b6 34. Ne1 Bd5 35. f3 Ke5 36. f4+ gxf4 37. Nd3+ Ke4 38. Nxf4 Kf3 39. Kh2 Bf7
40. Nd3 Ke4 41. Nf2+ Kd4 42. Ng4 Kc3 43. Nf6 h6 44. Ng4 h5 45. Ne5 Bd5 46. g4
hxg4 47. h4 c5 48. bxc5 bxc5 49. h5 Kd4 50. h6 Be4 51. Nc6+ Ke3 52. Kg3 c4 53.
Nb4 a5 54. Nd5+ Kd4 55. Nf6 Bd3 56. Nxg4 c3 57. Nf2 Bh7 0-1

[Event "XI Open Elite"]
[Site "Bergamo ITA"]
[Date "2012.07.13"]
[Round "1"]
[White "Di Lascio, Savino"]
[Black "Cazzaniga, Walter"]
[WhiteElo "1946"]
[BlackElo "2148"]
[Result "0-1"]
[PlyCount "90"]
[EventDate "2012.07.13"]

1. e4 e6 2. Nf3 d5 3. e5 c5 4. g3 Nc6 5. Bg2 Qc7 6. Qe2 Nge7 7. O-O Nf5 8. d3
Bd7 9. Nc3 Nfd4 10. Nxd4 Nxd4 11. Qd1 O-O-O 12. Bf4 Bc6 13. Ne2 Nf5 14. c3 Be7
15. d4 g5 16. Be3 f6 17. exf6 Bxf6 18. Bh3 c4 19. Qd2 Qg7 20. f4 g4 21. Bg2 h5
22. Kf2 h4 23. Rae1 Rdf8 24. b3 Nd6 25. Qd1 hxg3+ 26. Nxg3 Rxh2 27. Rh1 Rxh1
28. Rxh1 Qg6 29. Bc1 Ne4+ 30. Bxe4 dxe4 31. Be3 cxb3 32. Qxb3 Bg5 33. Ke2 Bxf4
34. Bxf4 Rxf4 35. Rh8+ Kc7 36. Qa3 Qf6 37. Qa5+ Kd7 38. Rh7+ Ke8 39. Qxa7 Bb5+
40. c4 Bxc4+ 41. Kd2 Rf2+ 42. Kc3 Qf3+ 43. Kb4 Rb2+ 44. Kc5 Qf8+ 45. Kxc4 Qb4#
0-1

[Event "XI Open Elite"]
[Site "Bergamo ITA"]
[Date "2012.07.13"]
[Round "1"]
[White "Elitropi, Giorgio"]
[Black "Valsecchi, Alessio"]
[WhiteElo "2016"]
[BlackElo "2425"]
[Result "0-1"]
[PlyCount "54"]
[EventDate "2012.07.13"]

1. e4 g6 2. d4 Bg7 3. Nf3 c6 4. Nc3 d5 5. h3 Nf6 6. exd5 cxd5 7. Be3 Bf5 8. Nh4
Nc6 9. Nxf5 gxf5 10. Bb5 Qd7 11. O-O O-O 12. Ne2 Rac8 13. c3 Kh8 14. f3 Rg8 15.
Qe1 a6 16. Bd3 e6 17. Qh4 Ne7 18. Nf4 Qd6 19. Rae1 b5 20. Bd2 Nd7 21. Nh5 Ng6
22. Qg3 Qxg3 23. Nxg3 Nh4 24. Bf4 Bh6 25. Bxh6 Rxg3 26. Re2 Rcg8 27. Rff2 Nxf3+
0-1

[Event "XI Open Elite"]
[Site "Bergamo ITA"]
[Date "2012.07.13"]
[Round "1"]
[White "Fernandez Saavedra, Jose' Luis"]
[Black "Platino, Maurizio"]
[WhiteElo "2099"]
[BlackElo "1901"]
[Result "1-0"]
[PlyCount "51"]
[EventDate "2012.07.13"]

1. Nf3 Nf6 2. c4 e6 3. g3 b6 4. Bg2 Bb7 5. O-O Be7 6. d4 O-O 7. d5 exd5 8. Nh4
c6 9. cxd5 Nxd5 10. Nf5 Nc7 11. e4 d5 12. Nc3 Bf6 13. exd5 cxd5 14. Bf4 Nba6
15. Rc1 Ne6 16. Nd6 Nxf4 17. Nxb7 Rb8 18. gxf4 Rxb7 19. Nxd5 Qb8 20. Nxf6+ gxf6
21. Qg4+ Kh8 22. Qh4 Qd8 23. Rcd1 Qe7 24. Rfe1 Qb4 25. Qxf6+ Kg8 26. Re3 1-0

[Event "XI Open Elite"]
[Site "Bergamo ITA"]
[Date "2012.07.13"]
[Round "1"]
[White "Ferretti, Folco"]
[Black "Ranfagni, Stefano"]
[WhiteElo "2283"]
[BlackElo "1994"]
[Result "1-0"]
[PlyCount "57"]
[EventDate "2012.07.13"]

1. e4 e5 2. Nf3 Nf6 3. Nc3 Nc6 4. Bb5 Bb4 5. O-O d6 6. d3 Bg4 7. Nd5 Nxd5 8.
exd5 a6 9. Ba4 b5 10. c3 Ba5 11. dxc6 bxa4 12. Qxa4 Bxf3 13. gxf3 Bb6 14. Qg4
Qf6 15. Be3 Qg6 16. Bxb6 Qxg4+ 17. fxg4 cxb6 18. d4 exd4 19. Rfe1+ Kd8 20. cxd4
d5 21. Re5 Kc7 22. Re7+ Kxc6 23. Rxf7 Rae8 24. Rc1+ Kb5 25. Rd7 Rd8 26. Rxg7
Rhg8 27. Rxg8 Rxg8 28. f3 Rf8 29. Kf2 1-0

[Event "XI Open Elite"]
[Site "Bergamo ITA"]
[Date "2012.07.13"]
[Round "1"]
[White "Georgiev, Kiril D."]
[Black "Abella Vazquez, Cesar"]
[WhiteElo "2680"]
[BlackElo "2093"]
[Result "1-0"]
[PlyCount "61"]
[EventDate "2012.07.13"]

1. d4 d5 2. c4 Bf5 3. cxd5 Bxb1 4. Qa4+ c6 5. dxc6 Nxc6 6. Rxb1 e5 7. Bd2 exd4
8. Nf3 Bc5 9. g3 Nge7 10. Bg2 O-O 11. b4 Bb6 12. b5 Nb8 13. O-O Nf5 14. Qc2 Nd6
15. Ng5 g6 16. Bf4 Nd7 17. Bxd6 Qxg5 18. Bxb7 Rad8 19. Bxf8 Nxf8 20. Qe4 Ne6
21. Bc6 h5 22. Kh1 Nc5 23. Qf4 Qxf4 24. gxf4 d3 25. Rfd1 d2 26. Rb4 Kg7 27. Kg2
Kf6 28. Kf3 Ne6 29. e3 Rd3 30. Ke2 Ra3 31. Rb3 1-0

[Event "XI Open Elite"]
[Site "Bergamo ITA"]
[Date "2012.07.13"]
[Round "1"]
[White "Gomez Dieguez, David"]
[Black "Godena, Michele"]
[WhiteElo "2081"]
[BlackElo "2512"]
[Result "0-1"]
[PlyCount "84"]
[EventDate "2012.07.13"]

1. e4 e5 2. Nc3 Nc6 3. Bc4 Nf6 4. d3 Na5 5. Nge2 c6 6. a3 Nxc4 7. dxc4 d6 8.
Qd3 Be7 9. f3 Be6 10. Be3 a6 11. a4 Qa5 12. O-O O-O 13. Bd2 Qc5+ 14. Be3 Qxc4
15. f4 b5 16. f5 Qxd3 17. cxd3 Bd7 18. Bg5 b4 19. Nd1 d5 20. Rc1 h6 21. Bxf6
Bxf6 22. Nf2 Bg5 23. Rc2 Rfd8 24. b3 Be8 25. Ng4 dxe4 26. dxe4 f6 27. g3 Rd3
28. h4 Bd2 29. Nf2 Be3 30. Nc1 Rc3 31. Rxc3 bxc3 32. Kg2 Rd8 33. Kf3 Bd2 34. g4
c5 35. Nfd3 c4 36. bxc4 Bxa4 37. Ke2 Rd4 38. Kf3 Rxc4 39. Ne2 Rxe4 40. Nxc3
Re3+ 41. Kf2 Bc6 42. Nb4 Rxc3 0-1

[Event "XI Open Elite"]
[Site "Bergamo ITA"]
[Date "2012.07.13"]
[Round "1"]
[White "Guzzetti, Luigi Enrico"]
[Black "Seyfried, Claus"]
[WhiteElo "1908"]
[BlackElo "2101"]
[Result "1/2-1/2"]
[PlyCount "126"]
[EventDate "2012.07.13"]

1. e4 c5 2. Nf3 a6 3. d4 cxd4 4. Nxd4 Nf6 5. Nc3 e5 6. Nb3 Bb4 7. Bc4 Qc7 8.
Qd3 b5 9. Bd5 Nxd5 10. exd5 O-O 11. O-O f5 12. a4 e4 13. d6 Qxd6 14. Qxd6 Bxd6
15. axb5 Bb7 16. Rd1 Rf6 17. bxa6 Rxa6 18. Rxa6 Bxa6 19. Nd5 Rf8 20. Bf4 Bxf4
21. Nxf4 Rc8 22. c3 Kf7 23. h4 g6 24. Nd5 Bd3 25. Nc1 Rc5 26. Nb4 Bc4 27. b3
Be6 28. c4 Ra5 29. Ne2 Nc6 30. Nxc6 dxc6 31. Nf4 Ra7 32. Rd6 Bd7 33. Kh2 Rb7
34. Rd2 Be8 35. Rb2 c5 36. Nh3 Kf6 37. Rd2 Rd7 38. Ra2 Ke5 39. Ra5 Kd4 40. Rb5
h6 41. Kg3 Re7 42. Rb6 e3 43. fxe3+ Rxe3+ 44. Kf2 Re4 45. h5 g5 46. Rxh6 g4 47.
Ng5 g3+ 48. Kf1 Rf4+ 49. Nf3+ Kc3 50. Rh8 Bc6 51. h6 Bxf3 52. gxf3 Rh4 53. h7
f4 54. Kg1 Rh5 55. Rf8 Rxh7 56. Rxf4 Kxb3 57. Rg4 Rd7 58. Kg2 Rd4 59. Kxg3 Kxc4
60. f4 Kd5 61. Rg5+ Kd6 62. Kf3 c4 63. Ke3 Rd1 1/2-1/2

[Event "XI Open Elite"]
[Site "Bergamo ITA"]
[Date "2012.07.13"]
[Round "1"]
[White "Kaluzny, Lukasz"]
[Black "Salgado Lopez, Oscar"]
[WhiteElo "1969"]
[BlackElo "2218"]
[Result "1/2-1/2"]
[PlyCount "62"]
[EventDate "2012.07.13"]

1. d4 d5 2. Nf3 Nf6 3. Bf4 c5 4. c3 Qb6 5. Qb3 c4 6. Qc2 Nc6 7. h3 Bf5 8. Qc1
h6 9. Nbd2 e6 10. g4 Bg6 11. Bg2 Be7 12. O-O Ne4 13. Ne5 Nxe5 14. Bxe5 Nxd2 15.
Qxd2 h5 16. Rae1 hxg4 17. hxg4 Rh4 18. Bf3 O-O-O 19. Bg3 Rh6 20. Kg2 Bd6 21.
Rh1 Bxg3 22. Kxg3 Rdh8 23. Rxh6 Rxh6 24. Rh1 Rxh1 25. Bxh1 Qd6+ 26. Qf4 Kc7 27.
Qxd6+ Kxd6 28. Kf4 f6 29. e4 b5 30. a3 a5 31. Ke3 Bf7 1/2-1/2

[Event "XI Open Elite"]
[Site "Bergamo ITA"]
[Date "2012.07.13"]
[Round "1"]
[White "Kasparov, Sergey"]
[Black "Curtacci, Sergio"]
[WhiteElo "2493"]
[BlackElo "2034"]
[Result "1-0"]
[PlyCount "77"]
[EventDate "2012.07.13"]

1. e4 c5 2. Nf3 Nc6 3. Bb5 g6 4. Bxc6 dxc6 5. d3 Bg7 6. h3 e5 7. Nbd2 Be6 8.
O-O Ne7 9. a3 h6 10. b4 cxb4 11. axb4 O-O 12. Bb2 Qc7 13. d4 exd4 14. Bxd4 Qd6
15. Bxg7 Kxg7 16. Qb1 Qf4 17. Ra3 a6 18. Re1 Rad8 19. Qb2+ Kh7 20. Nf1 Ng8 21.
Ne5 Qf6 22. Nh2 Qg7 23. f4 f6 24. Nd3 Qd7 25. Nc5 Qe7 26. Nf3 Bc8 27. f5 Qf7
28. Nd4 Rfe8 29. Nce6 Rd6 30. Rg3 Ne7 31. Rf1 g5 32. h4 Ng8 33. e5 Rd5 34. exf6
Qxf6 35. hxg5 Qe5 36. g6+ Kh8 37. g7+ Kh7 38. Nf8+ Rxf8 39. gxf8=N+ 1-0

[Event "XI Open Elite"]
[Site "Bergamo ITA"]
[Date "2012.07.13"]
[Round "1"]
[White "Kimbin, Richard Conrod"]
[Black "Roos, Adrian"]
[WhiteElo "1951"]
[BlackElo "2180"]
[Result "0-1"]
[PlyCount "68"]
[EventDate "2012.07.13"]

1. Nf3 Nf6 2. g3 d5 3. Bg2 c6 4. d3 Bg4 5. Nbd2 Nbd7 6. c4 e6 7. O-O Bc5 8.
cxd5 exd5 9. Re1 O-O 10. Nf1 Re8 11. Qc2 Qb6 12. Be3 d4 13. Bg5 h6 14. Bd2 a5
15. e4 dxe3 16. Bxe3 Bf5 17. Rac1 Bxe3 18. Nxe3 Bh7 19. Qc3 Qb4 20. Qc2 Nb6 21.
a3 Qf8 22. Qb3 Nfd7 23. Bh3 a4 24. Qc3 Nf6 25. Qd4 Nbd5 26. Nf5 Red8 27. N5h4
Kh8 28. Rc4 Nb4 29. Qc3 Nbd5 30. Qc2 g5 31. Ng2 g4 32. Bxg4 Nxg4 33. Rxg4 Bg6
34. Qd2 Rd6 0-1

[Event "XI Open Elite"]
[Site "Bergamo ITA"]
[Date "2012.07.13"]
[Round "1"]
[White "Koetz, Andreas"]
[Black "Borgo, Giulio"]
[WhiteElo "2008"]
[BlackElo "2384"]
[Result "0-1"]
[PlyCount "64"]
[EventDate "2012.07.13"]

1. d4 d5 2. Nf3 Nf6 3. c4 e6 4. g3 dxc4 5. Bg2 a6 6. O-O Nc6 7. Nc3 Rb8 8. e4
b5 9. d5 Nb4 10. Ne1 exd5 11. exd5 Bb7 12. Bg5 Be7 13. Qe2 O-O 14. Rd1 h6 15.
Bf4 Bd6 16. Be3 Be5 17. Bxh6 Re8 18. Be3 Qe7 19. Bg5 Bxc3 20. Qxe7 Rxe7 21.
bxc3 Nxa2 22. Bd2 Re2 23. Bf3 Rxd2 24. Rxd2 Nxc3 25. d6 cxd6 26. Rxd6 b4 27.
Bxb7 Rxb7 28. Nc2 b3 29. Na3 b2 30. Rc6 Rb3 31. Rxa6 Ne2+ 32. Kg2 c3 0-1

[Event "XI Open Elite"]
[Site "Bergamo ITA"]
[Date "2012.07.13"]
[Round "1"]
[White "Migliorini, Matteo"]
[Black "Stoppa, Omar"]
[WhiteElo "1996"]
[BlackElo "2300"]
[Result "0-1"]
[PlyCount "106"]
[EventDate "2012.07.13"]

1. e4 e6 2. d4 d5 3. Nc3 Bb4 4. e5 c5 5. Bd2 Nh6 6. Nb5 Bxd2+ 7. Qxd2 O-O 8.
Nf3 Nc6 9. dxc5 b6 10. Bd3 bxc5 11. c4 Rb8 12. Rd1 d4 13. O-O a6 14. Nd6 Nxe5
15. Nxe5 Qxd6 16. Rde1 f6 17. Nf3 Bb7 18. Qe2 Bxf3 19. Qxf3 f5 20. Re2 Ng4 21.
g3 e5 22. Bxf5 Nh6 23. Bxh7+ Kxh7 24. Qe4+ Kg8 25. b3 Rbe8 26. Rfe1 Qe6 27.
Qxe5 Qxe5 28. Rxe5 Rxe5 29. Rxe5 Rxf2 30. Rxc5 Rxa2 31. Rd5 Rd2 32. c5 Rc2 33.
Rxd4 Rxc5 34. Ra4 Rc6 35. Kg2 Nf5 36. Kf3 Kf7 37. g4 Nd6 38. h4 Nb5 39. g5 Nc7
40. Rb4 Rc5 41. Ke4 Kg6 42. Rd4 Kh5 43. Rd7 g6 44. Rd6 Rc3 45. Rb6 Rh3 46. Rc6
Rxh4+ 47. Ke5 Nb5 48. Rxa6 Kxg5 49. Ra5 Rb4 50. Ra1 Rxb3 51. Rg1+ Kh6 52. Rf1
Kg7 53. Kf4 Nd6 0-1

[Event "XI Open Elite"]
[Site "Bergamo ITA"]
[Date "2012.07.13"]
[Round "1"]
[White "Monjac, Mislav"]
[Black "Sumets, Andrey"]
[WhiteElo "2093"]
[BlackElo "2618"]
[Result "1/2-1/2"]
[PlyCount "66"]
[EventDate "2012.07.13"]

1. e4 e6 2. d3 d5 3. Qe2 Nf6 4. Nf3 Be7 5. g3 b5 6. e5 Nfd7 7. Bg2 c5 8. c4
bxc4 9. dxc4 Ba6 10. b3 Nc6 11. O-O O-O 12. Re1 Ndxe5 13. Nxe5 Nxe5 14. Bb2 Nc6
15. Qg4 Bf6 16. Nc3 Rb8 17. cxd5 exd5 18. Rad1 Qa5 19. Bxd5 Nb4 20. Be4 c4 21.
a3 Bc8 22. Qf4 Nd3 23. Bxd3 Rxb3 24. Bxc4 Rxb2 25. Nd5 Qd8 26. Ne7+ Qxe7 27.
Rxe7 Bxe7 28. Re1 Bc5 29. Re2 Rxe2 30. Bxe2 Bxa3 31. Qe3 Bb4 32. Qxa7 Be6 33.
Qd4 Be7 1/2-1/2

[Event "XI Open Elite"]
[Site "Bergamo ITA"]
[Date "2012.07.13"]
[Round "1"]
[White "Moroni, Luca jr"]
[Black "Bonassi, Tommaso"]
[WhiteElo "2128"]
[BlackElo "1928"]
[Result "1-0"]
[PlyCount "101"]
[EventDate "2012.07.13"]

1. Nf3 c5 2. c4 Nc6 3. Nc3 g6 4. g3 Bg7 5. Bg2 e6 6. O-O Nge7 7. e4 O-O 8. d3
a6 9. Be3 d6 10. d4 cxd4 11. Nxd4 Ne5 12. b3 Qa5 13. Rc1 Rd8 14. f4 N5c6 15.
Qd2 f5 16. Rfd1 Bd7 17. Nxc6 Bxc6 18. Nd5 Qxd2 19. Nxe7+ Kf7 20. Rxd2 Kxe7 21.
exf5 gxf5 22. Rcd1 Bxg2 23. Kxg2 Rac8 24. a4 Bc3 25. Rd3 Bb4 26. Bb6 Rd7 27. h3
h5 28. Kf3 Rc6 29. Bd4 Rd8 30. g4 hxg4+ 31. hxg4 fxg4+ 32. Kxg4 Rg8+ 33. Kf3
Rf8 34. Rh1 Rcc8 35. Ke4 Rf7 36. Rdh3 Bd2 37. Rh7 Rcf8 38. Bg7 Rg8 39. Bh6 Rxh7
40. Bg5+ Kf7 41. Rxh7+ Rg7 42. Rh2 Bb4 43. Rh1 Bd2 44. Rh6 Rg6 45. Rh2 Bb4 46.
Rf2 Rg7 47. Rg2 Rh7 48. f5 exf5+ 49. Kxf5 Ke8 50. Ke6 Rh1 51. Bd2 1-0

[Event "XI Open Elite"]
[Site "Bergamo ITA"]
[Date "2012.07.13"]
[Round "1"]
[White "Pescatore, Lorenzo"]
[Black "Messina, Roberta"]
[WhiteElo "2201"]
[BlackElo "1961"]
[Result "1/2-1/2"]
[PlyCount "47"]
[EventDate "2012.07.13"]

1. e4 c5 2. c3 d5 3. exd5 Qxd5 4. d4 Nc6 5. Nf3 Bg4 6. Be2 cxd4 7. cxd4 e6 8.
O-O Nf6 9. Nc3 Qd8 10. Be3 Be7 11. h3 Bh5 12. Ne5 Bxe2 13. Qxe2 O-O 14. Rfd1
Qa5 15. Bf4 Rfd8 16. Nxc6 bxc6 17. a3 Nd5 18. Bd2 Qb6 19. Nxd5 cxd5 20. Bc3
Rdc8 21. Rd3 Bf6 22. Qg4 Rc4 23. Rad1 e5 24. f3 1/2-1/2

[Event "XI Open Elite"]
[Site "Bergamo ITA"]
[Date "2012.07.13"]
[Round "1"]
[White "Simonetto, Adriano"]
[Black "Kasparova, Tatiana"]
[WhiteElo "1919"]
[BlackElo "2125"]
[Result "0-1"]
[PlyCount "84"]
[EventDate "2012.07.13"]

1. d4 Nf6 2. c4 c5 3. d5 b5 4. cxb5 a6 5. b6 g6 6. Nc3 d6 7. a4 Qxb6 8. e4 Bg7
9. Nf3 Nbd7 10. a5 Qd8 11. Be2 O-O 12. O-O Ne8 13. Nd2 Nc7 14. Kh1 Nb5 15. Nxb5
axb5 16. Bxb5 Rxa5 17. Rxa5 Qxa5 18. Qb3 Nb6 19. Nc4 Nxc4 20. Bxc4 Ba6 21. Bg5
f6 22. Be3 Bxc4 23. Qxc4 Rb8 24. Qc2 Qb4 25. Rb1 Qb3 26. Qxb3 Rxb3 27. Kg1 f5
28. exf5 gxf5 29. Bg5 Kf7 30. Re1 Bf8 31. Re2 h6 32. Bf4 Bg7 33. Kf1 h5 34. Bg5
Bf6 35. Bxf6 Kxf6 36. Re6+ Kf7 37. Rh6 Rxb2 38. Rxh5 Kg6 39. Rh3 Rd2 40. Re3
Kf6 41. h4 Rxd5 42. h5 Rd1+ 0-1

[Event "XI Open Elite"]
[Site "Bergamo ITA"]
[Date "2012.07.13"]
[Round "1"]
[White "Slavin, Alexey"]
[Black "Ventura, Salvatore"]
[WhiteElo "2412"]
[BlackElo "2014"]
[Result "1-0"]
[PlyCount "77"]
[EventDate "2012.07.13"]

1. d4 f5 2. g3 Nf6 3. Bg2 e6 4. Nf3 c6 5. O-O d5 6. c4 Bd6 7. Qc2 O-O 8. Nbd2
b6 9. Ne5 Bb7 10. Ndf3 Na6 11. Bf4 c5 12. Rfd1 Rc8 13. Rac1 Qe7 14. Qa4 Rfd8
15. Nd3 dxc4 16. Bxd6 Rxd6 17. Rxc4 Rcd8 18. Rdc1 cxd4 19. Nxd4 Bxg2 20. Kxg2
Qb7+ 21. Kg1 Nd5 22. Nc6 Rf8 23. Nde5 b5 24. Qa3 b4 25. Qf3 g6 26. a3 Nb6 27.
R4c2 Nd5 28. Rd2 Kg7 29. Nd4 Qb8 30. Nd7 Rxd7 31. Nxe6+ Kg8 32. Nxf8 Kxf8 33.
Rxd5 Re7 34. Qd3 Qb7 35. Rd8+ Kg7 36. Rcc8 bxa3 37. Rg8+ Kf7 38. Qc4+ Kf6 39.
Rc6+ 1-0

[Event "XI Open Elite"]
[Site "Bergamo ITA"]
[Date "2012.07.13"]
[Round "1"]
[White "Sorbera, Giovanni"]
[Black "Lezzerini, Marco"]
[WhiteElo "2165"]
[BlackElo "1948"]
[Result "1-0"]
[PlyCount "101"]
[EventDate "2012.07.13"]

1. e4 d6 2. d4 Nf6 3. Nc3 g6 4. f4 Bg7 5. e5 Nfd7 6. Nf3 c5 7. Bb5 cxd4 8. Qxd4
O-O 9. Be3 dxe5 10. fxe5 Nb6 11. O-O Qxd4 12. Bxd4 Nc6 13. Bxb6 axb6 14. Nd5
Nxe5 15. Nxe7+ Kh8 16. Nxc8 Nxf3+ 17. Rxf3 Raxc8 18. c3 Rcd8 19. Re1 Rd2 20.
Rf2 Rxf2 21. Kxf2 Bf6 22. Be8 Kg7 23. a4 h6 24. Re2 Bg5 25. Ke1 Bc1 26. b4 Bg5
27. Kd1 f5 28. Kc2 f4 29. Re6 Rf6 30. Rxf6 Kxf6 31. Kd3 Bh4 32. Kc4 Bf2 33. Kb5
h5 34. c4 h4 35. Bd7 Ke7 36. Bc8 Kd8 37. Bxb7 Kc7 38. Be4 h3 39. gxh3 g5 40. c5
bxc5 41. bxc5 Be3 42. a5 f3 43. Bxf3 Bf4 44. a6 Kb8 45. Kb6 Bc7+ 46. Kc6 Bxh2
47. Kd7 Bf4 48. Bb7 Be3 49. c6 Bf4 50. a7+ Kxa7 51. c7 1-0

[Event "XI Open Elite"]
[Site "Bergamo ITA"]
[Date "2012.07.13"]
[Round "1"]
[White "Soyeur, Alain"]
[Black "Tarelli, Daniele"]
[WhiteElo "2118"]
[BlackElo "1909"]
[Result "0-1"]
[PlyCount "78"]
[EventDate "2012.07.13"]

1. c4 Nf6 2. g3 g6 3. Bg2 Bg7 4. Nc3 c5 5. d3 Nc6 6. e4 d6 7. Nge2 O-O 8. O-O
e5 9. h3 Be6 10. Be3 Qd7 11. Kh2 Ne8 12. Qd2 f5 13. Nd5 Bxd5 14. cxd5 Nd4 15.
f4 Nf6 16. Rab1 Nh5 17. b4 b6 18. bxc5 bxc5 19. Bxd4 exd4 20. Rfe1 Rab8 21. Qc2
h6 22. Ng1 g5 23. Bf3 Rxb1 24. Qxb1 Qf7 25. Qd1 Nf6 26. e5 gxf4 27. exf6 fxg3+
28. Kxg3 Bxf6 29. Re6 Kh7 30. Bh5 Qg7+ 31. Kh2 Rg8 32. Qf1 Be5+ 33. Kh1 Qg5 34.
Bf7 Rg7 35. Nf3 Qf4 36. Bh5 Rg3 37. Qe2 Rxh3+ 38. Kg2 Qg3+ 39. Kf1 Rh1+ 0-1

[Event "XI Open Elite"]
[Site "Bergamo ITA"]
[Date "2012.07.13"]
[Round "1"]
[White "Stella, Andrea"]
[Black "De Leon Justo, Alejandro"]
[WhiteElo "2442"]
[BlackElo "2020"]
[Result "1-0"]
[PlyCount "93"]
[EventDate "2012.07.13"]

1. Nf3 Nf6 2. c4 e6 3. g3 b6 4. Bg2 Bb7 5. O-O Be7 6. d4 O-O 7. Re1 d6 8. Nc3
Ne4 9. Qc2 Nxc3 10. Ng5 Nxe2+ 11. Rxe2 Bxg5 12. Bxb7 Bxc1 13. Bxa8 Bg5 14. Be4
g6 15. Qa4 a5 16. Bg2 Bf6 17. Rd1 Qc8 18. Qb5 Bd8 19. Bc6 h5 20. a3 Kg7 21. b4
axb4 22. axb4 h4 23. Ra2 Nxc6 24. Qxc6 e5 25. dxe5 Qg4 26. Rad2 hxg3 27. hxg3
Rh8 28. Rd4 Qe2 29. exd6 cxd6 30. Qe4 Qh5 31. Rxd6 Be7 32. R6d5 Qh2+ 33. Kf1
Qh3+ 34. Ke2 Bf6 35. Rd7 Rh5 36. R1d5 Re5 37. Rxe5 Qxd7 38. Rb5 Qd6 39. Kf1 Bc3
40. Qd5 Qf6 41. Kg2 Bd4 42. Qf3 Qe6 43. Rd5 Bf6 44. c5 bxc5 45. bxc5 Be7 46.
Rd1 Bxc5 47. Qc3+ 1-0

[Event "XI Open Elite"]
[Site "Bergamo ITA"]
[Date "2012.12.13"]
[Round "2"]
[White "Abella Vazquez, Cesar"]
[Black "Migliorini, Matteo"]
[WhiteElo "2093"]
[BlackElo "1996"]
[Result "1-0"]
[PlyCount "45"]
[EventDate "2012.07.13"]

1. e4 c5 2. Nf3 d6 3. d4 cxd4 4. Qxd4 Nc6 5. Bb5 Bd7 6. Bxc6 Bxc6 7. Nc3 Nf6 8.
Bg5 e6 9. O-O-O Be7 10. Rhe1 O-O 11. Kb1 a6 12. Qd2 Rc8 13. Nd4 b5 14. f4 b4
15. Nxc6 Rxc6 16. Bxf6 bxc3 17. Bxc3 Qc7 18. Re3 e5 19. Rd3 Rb8 20. fxe5 Qb6
21. exd6 Bg5 22. Qxg5 Rxc3 23. b3 1-0